[Event "CRO-chT (Women) 28th"]
[Site "Mali Losinj"]
[Date "2019.10.05"]
[Round "9.22"]
[White "Starcevic, Andrea"]
[Black "Medic, Mirjana"]
[Result "1-0"]
[WhiteElo "1888"]
[BlackElo "2186"]
[PlyCount "61"]
[EventDate "2019.09.28"]
[EventType "team-tourn"]
[EventRounds "9"]
[EventCountry "CRO"]
[SourceTitle "EXT 2020"]
[Source "ChessBase"]
[SourceDate "2019.10.17"]
[SourceVersion "1"]
[SourceVersionDate "2019.10.17"]
[SourceQuality "1"]
[WhiteTeam "Ravna Gora Goranka (W)"]
[BlackTeam "Busevec Polet (W)"]
[WhiteTeamCountry "CRO"]
[BlackTeamCountry "CRO"]

1. c4 e6 2. Nf3 Nf6 3. e3 b6 4. Be2 Bb7 5. 0-0 Be7 6. Nc3 0-0 7. a3 c5 8. b3 d5 9. cxd5 exd5 10. d4 Nbd7 11. Bb2 Ne4 12. dxc5 Ndxc5 13. b4 Nxc3 14. Bxc3 Ne4 15. Bd4 Bd6 16. Rc1 Qe7 17. Bb2 Rac8 18. Qd4 f6 19. Rfd1 Bb8 20. Bd3 Nd6 21. Qh4 Ne4 22. Bb1 Rxc1 23. Rxc1 Rc8 24. Rxc8+ Bxc8 25. Nd4 Qe5 26. Bd3 Qe8 27. Bc2 Bd6 28. Bb3 Be6 29. Nxe6 Qxe6 30. Qh5 Be5 31. Bxd5 1-0

[Event "CRO-chT (Women) 27th"]
[Site "Biograd"]
[Date "2018.09.13"]
[Round "7.43"]
[White "Starcevic, Andrea"]
[Black "Raguz, Ivan"]
[Result "1-0"]
[WhiteElo "1893"]
[BlackElo "1706"]
[PlyCount "131"]
[EventDate "2018.09.08"]
[EventType "team-tourn"]
[EventRounds "9"]
[EventCountry "CRO"]
[SourceTitle "CBM 186 Extra"]
[Source "ChessBase"]
[SourceDate "2018.08.24"]
[SourceVersion "1"]
[SourceVersionDate "2018.08.24"]
[SourceQuality "1"]
[WhiteTeam "Ravna Gora Goranka (W)"]
[BlackTeam "Djakovo Dama (W)"]
[WhiteTeamCountry "CRO"]
[BlackTeamCountry "CRO"]

1. c4 e5 2. Nc3 Nf6 3. g3 c6 4. Bg2 d5 5. cxd5 cxd5 6. d3 Nc6 7. Bg5 d4 8. Nd5 Be6 9. Nxf6+ gxf6 10. Bd2 Qb6 11. b3 Bb4 12. Nf3 Bxd2+ 13. Nxd2 Rc8 14. 0-0 0-0 15. Ne4 f5 16. Nd6 Rc7 17. Qd2 f6 18. Bh3 Ne7 19. Nc4 Bxc4 20. bxc4 e4 21. Qf4 Ng6 22. Qxf5 Re7 23. Qd5+ Kg7 24. Rab1 Qd8 25. Qxd8 Rxd8 26. Bf5 e3 27. fxe3 dxe3 28. Be4 Rdd7 29. Rf3 Rc7 30. Rbf1 Re6 31. Bd5 Ra6 32. Rxe3 Rxa2 33. Rb1 b6 34. Kf1 Ne5 35. h3 Rc2 36. Re4 Kg6 37. Rf4 Kg7 38. Be6 Rc6 39. Bf5 Rc3 40. Rd4 a5 41. Rd8 a4 42. Ra8 a3 43. Ra7+ Kh6 44. Be4 Rd6 45. Rxh7+ Kg5 46. Rg7+ Kh6 47. Ra7 Nd7 48. Ra1 Nc5 49. Bf3 Nxd3 50. R7xa3 Rxa3 51. Rxa3 Ne5 52. Rc3 Nxf3 53. exf3 Rc6 54. Ke2 Kg5 55. Kd3 f5 56. f4+ Kf6 57. Rb3 Rd6+ 58. Kc3 Ke7 59. Rb5 Rf6 60. Rd5 Rg6 61. Rd3 Rc6 62. Kb4 Rg6 63. Kb5 Rf6 64. Rd5 Kf7 65. Rd7+ Ke8 66. Rb7 1-0

[Event "CRO-chT (Women) 27th"]
[Site "Biograd"]
[Date "2018.09.09"]
[Round "3.53"]
[White "Ivekovic, Tihana"]
[Black "Starcevic, Andrea"]
[Result "0-1"]
[WhiteElo "2114"]
[BlackElo "1893"]
[PlyCount "96"]
[EventDate "2018.09.08"]
[EventType "team-tourn"]
[EventRounds "9"]
[EventCountry "CRO"]
[SourceTitle "CBM 186 Extra"]
[Source "ChessBase"]
[SourceDate "2018.08.24"]
[SourceVersion "1"]
[SourceVersionDate "2018.08.24"]
[SourceQuality "1"]
[WhiteTeam "Rijeka Liburnija (W)"]
[BlackTeam "Ravna Gora Goranka (W)"]
[WhiteTeamCountry "CRO"]
[BlackTeamCountry "CRO"]

1. d4 d5 2. c4 e6 3. Nc3 Nf6 4. Nf3 Be7 5. Bf4 c6 6. e3 Nbd7 7. Qc2 b6 8. cxd5 exd5 9. Bd3 Bb7 10. 0-0 0-0 11. Rfd1 Rc8 12. Rac1 a6 13. Ne5 h6 14. Qe2 b5 15. Bf5 c5 16. Nxd7 Nxd7 17. Bxh6 gxh6 18. Qg4+ Kh8 19. Bxd7 Rc7 20. Bf5 Rg8 21. Qh3 Bf8 22. dxc5 Rxc5 23. Rd4 Qf6 24. Rcd1 Rg5 25. Bd7 Rc4 26. f4 Rg8 27. Qf3 Bc5 28. Rxc4 bxc4 29. Nxd5 Qxb2 30. Bf5 Bxe3+ 31. Kh1 Bc5 32. Be4 Bxd5 33. Rxd5 c3 34. g4 c2 35. Rxc5 c1Q+ 36. Rxc1 Qxc1+ 37. Kg2 Rd8 38. Kh3 Rc8 39. Kh4 Qe1+ 40. Kh5 Kg7 41. Qd3 Qf2 42. Qg3 Qd4 43. Qd3 Qxd3 44. Bxd3 Rc3 45. Bf1 Rf3 46. Bg2 Rf2 47. Bh3 Rxh2 48. Kh4 Rxa2 0-1

[Event "CRO-chT2 West"]
[Site "Croatia"]
[Date "2017.10.21"]
[Round "7"]
[White "Lulic, Igor"]
[Black "Starcevic, Andrea"]
[Result "0-1"]
[WhiteElo "2012"]
[BlackElo "1879"]
[PlyCount "88"]
[EventDate "2017.03.25"]
[EventType "team-tourn"]
[EventRounds "9"]
[EventCountry "CRO"]
[SourceTitle "EXT 2020"]
[Source "ChessBase"]
[SourceDate "2019.10.17"]
[SourceVersion "1"]
[SourceVersionDate "2019.10.17"]
[SourceQuality "1"]

1. e4 c5 2. Nf3 e6 3. c3 d5 4. e5 Nc6 5. d4 cxd4 6. cxd4 Nge7 7. a3 g6 8. Bd3 Bg7 9. 0-0 0-0 10. Be3 Bd7 11. Qd2 Na5 12. Qd1 Rc8 13. Nbd2 Nc4 14. Bxc4 dxc4 15. Ne4 Nd5 16. Bg5 f6 17. exf6 Nxf6 18. Re1 b6 19. Ne5 Qc7 20. Nxf6+ Bxf6 21. Bxf6 Rxf6 22. Rc1 b5 23. d5 Rd8 24. Ng4 Rff8 25. d6 Qb6 26. Qd2 Bc8 27. Qc3 e5 28. Ne3 Rxd6 29. Qxe5 Rdf6 30. Re2 Re6 31. Qg3 Bb7 32. Rd2 Be4 33. Rd7 Qc6 34. Rc7 Qb6 35. h4 Ref6 36. h5 Rxf2 37. Kh1 R2f4 38. Re7 Qf6 39. Rxa7 Qxb2 40. hxg6 Qxc1+ 41. Kh2 Bxg6 42. Nd5 R4f7 43. Ne7+ Rxe7 44. Rxe7 Qf4 0-1

[Event "CRO-chT (Women) 26th"]
[Site "Mali Losinj"]
[Date "2017.10.02"]
[Round "6.32"]
[White "Medic, Mirjana"]
[Black "Starcevic, Andrea"]
[Result "1-0"]
[WhiteElo "2128"]
[BlackElo "1879"]
[PlyCount "75"]
[EventDate "2017.09.28"]
[EventType "team-tourn"]
[EventRounds "9"]
[EventCountry "CRO"]
[SourceTitle "EXT 2018"]
[Source "ChessBase"]
[SourceDate "2017.10.13"]
[SourceVersion "1"]
[SourceVersionDate "2017.10.13"]
[SourceQuality "1"]
[WhiteTeam "Busevec Polet (W)"]
[BlackTeam "Ravna Gora Goranka (W)"]
[WhiteTeamCountry "CRO"]
[BlackTeamCountry "CRO"]

1. d4 d5 2. c4 e6 3. Nc3 Nf6 4. Nf3 Be7 5. Bf4 c6 6. e3 Nbd7 7. h3 0-0 8. Bd3 b6 9. cxd5 exd5 10. 0-0 Bb7 11. Rc1 Rc8 12. Qe2 c5 13. Nb5 c4 14. Bb1 a6 15. Nd6 Bxd6 16. Bxd6 Re8 17. Ne5 Re6 18. Nxd7 Rxd6 19. Ne5 b5 20. a3 a5 21. Rfd1 b4 22. axb4 axb4 23. Bc2 Ra6 24. Bb1 Qb6 25. e4 Bc6 26. exd5 Bxd5 27. Nxc4 Qb7 28. Ne3 Rxc1 29. Rxc1 Re6 30. Qd2 g6 31. Bd3 Ne4 32. Bxe4 Bxe4 33. d5 Ra6 34. Qd4 Bf5 35. Qe5 Bd3 36. Ng4 h5 37. Nf6+ Kf8 38. Rc7 1-0

[Event "CRO-chT (Women) 26th"]
[Site "Mali Losinj"]
[Date "2017.09.30"]
[Round "4.42"]
[White "Franciskovic, Borka"]
[Black "Starcevic, Andrea"]
[Result "1-0"]
[WhiteElo "2248"]
[BlackElo "1879"]
[PlyCount "97"]
[EventDate "2017.09.28"]
[EventType "team-tourn"]
[EventRounds "9"]
[EventCountry "CRO"]
[SourceTitle "EXT 2018"]
[Source "ChessBase"]
[SourceDate "2017.10.13"]
[SourceVersion "1"]
[SourceVersionDate "2017.10.13"]
[SourceQuality "1"]
[WhiteTeam "Rijeka Liburnija (W)"]
[BlackTeam "Ravna Gora Goranka (W)"]
[WhiteTeamCountry "CRO"]
[BlackTeamCountry "CRO"]

1. c4 c5 2. Nf3 e6 3. g3 Nf6 4. Bg2 Be7 5. 0-0 0-0 6. Nc3 Nc6 7. d4 cxd4 8. Nxd4 a6 9. Bf4 Nxd4 10. Qxd4 d6 11. Qd2 Qc7 12. Rac1 Rd8 13. Rfd1 e5 14. Bg5 Be6 15. Nd5 Bxd5 16. cxd5 Qd7 17. e4 Rac8 18. Be3 Rf8 19. f3 Bd8 20. Rxc8 Qxc8 21. Rc1 Qd7 22. Qc3 Qa4 23. Qc4 Qa5 24. b4 Qa4 25. Qb3 Qd7 26. a4 Ne8 27. h4 f5 28. Bh3 g6 29. Kh2 Ng7 30. Bh6 Qf7 31. Rf1 Kh8 32. f4 exf4 33. Rxf4 Re8 34. Bxg7+ Kxg7 35. exf5 Re2+ 36. Bg2 g5 37. hxg5 Bxg5 38. Qf3 Ra2 39. f6+ Kg8 40. Rf5 h6 41. a5 Rd2 42. Qg4 Kf8 43. Kh3 Qe8 44. Rxg5 hxg5 45. Qxg5 Qf7 46. Be4 Rf2 47. Bf5 Qg8 48. Qh6+ Ke8 49. Qe3+ 1-0

[Event "CRO-chT2W"]
[Site "Croatia"]
[Date "2016.04.10"]
[Round "5.4"]
[White "Starcevic, Andrea"]
[Black "Ikica, Ante"]
[Result "0-1"]
[WhiteElo "1868"]
[BlackElo "1946"]
[PlyCount "98"]
[EventDate "2016.03.05"]
[EventType "team-tourn"]
[EventRounds "9"]
[EventCountry "CRO"]
[SourceTitle "CBM 171 Extra"]
[Source "ChessBase"]
[SourceDate "2016.04.26"]
[SourceVersion "1"]
[SourceVersionDate "2016.04.26"]
[SourceQuality "1"]
[WhiteTeam "Ravna Gora Goranka"]
[BlackTeam "Porec Gortan"]
[WhiteTeamCountry "CRO"]
[BlackTeamCountry "CRO"]

1. d4 e6 2. Nf3 b6 3. c4 Bb7 4. Nc3 Nf6 5. Bg5 Be7 6. e3 c5 7. dxc5 bxc5 8. Nb5 d6 9. Be2 a6 10. Nc3 Qc7 11. 0-0 Nbd7 12. Qc2 Bc6 13. a3 Rb8 14. Rfd1 0-0 15. Rab1 Rb7 16. Nd2 Rfb8 17. Nde4 Rb6 18. Nxf6+ Nxf6 19. Rd2 Qb7 20. Bxf6 gxf6 21. Bf1 Kh8 22. Qd1 Rg8 23. f4 f5 24. Qe2 Rb3 25. Rc1 Qc7 26. e4 fxe4 27. Nxe4 Bxe4 28. Qxe4 Qb7 29. Qxb7 Rxb7 30. Be2 Rgb8 31. Rcc2 a5 32. Bh5 Kg7 33. Bg4 Rb6 34. f5 exf5 35. Bxf5 Bf6 36. Rd3 Bd4+ 37. Kf1 Rxb2 38. Rg3+ Kf6 39. Bxh7 Rb1+ 40. Ke2 Re8+ 41. Kd2 Ree1 42. Ra2 Rbd1+ 43. Kc2 a4 44. Rf3+ Ke7 45. Bf5 Rg1 46. g4 Rc1+ 47. Kd3 Rc3+ 48. Ke4 Re1+ 49. Kf4 Be5+ 0-1

[Event "CRO-chT2 West"]
[Site "Croatia"]
[Date "2015.10.25"]
[Round "9.4"]
[White "Starcevic, Andrea"]
[Black "Res, Ivica"]
[Result "0-1"]
[WhiteElo "1875"]
[BlackElo "2059"]
[PlyCount "144"]
[EventDate "2015.02.21"]
[EventType "team-tourn"]
[EventRounds "9"]
[EventCountry "CRO"]
[SourceTitle "EXT 2017"]
[Source "ChessBase"]
[SourceDate "2016.10.25"]
[SourceVersion "1"]
[SourceVersionDate "2016.10.25"]
[SourceQuality "1"]
[WhiteTeam "Ravna Gora Goranka"]
[BlackTeam "Karlobag"]
[WhiteTeamCountry "CRO"]
[BlackTeamCountry "CRO"]

1. c4 e6 2. Nf3 Nf6 3. Nc3 d5 4. e3 c6 5. d4 a6 6. a3 Be7 7. b4 0-0 8. Bb2 Ne4 9. Bd3 f5 10. 0-0 Nd7 11. Qc2 Bd6 12. Rac1 Rf6 13. c5 Bc7 14. g3 Rh6 15. a4 Qe8 16. Ne1 Qh5 17. f4 Nxg3 18. Rf3 Ne4 19. Bxe4 fxe4 20. Rg3 Nf8 21. Qg2 Rg6 22. Nc2 Bd7 23. Ne2 a5 24. Rxg6 Nxg6 25. Ng3 Qh6 26. Ra1 axb4 27. Nxb4 Nh4 28. Qf2 Nf3+ 29. Kh1 Be8 30. Nc2 Ba5 31. Bc1 Bg6 32. Rb1 Ra7 33. Nb4 Bf5 34. Rb3 Qh3 35. Ba3 Bd8 36. Nc2 Bh4 37. Rb1 Nxh2 38. Qxh2 Bxg3 39. Qxh3 Bxh3 40. Kg1 Bg4 41. a5 Be2 42. Bb4 Bd3 43. Rb2 Bxc2 44. Rxc2 Bh4 45. Rb2 Bd8 46. Kf2 Kf7 47. Ke2 Ke8 48. Ra2 Kd7 49. Kd2 Ra8 50. Kc2 h5 51. Kb3 h4 52. Ka4 Bf6 53. Rg2 Rh8 54. Be1 h3 55. Rh2 Rh6 56. Bg3 g5 57. Rb2 Kc8 58. Rh2 g4 59. f5 exf5 60. a6 bxa6 61. Rb2 Bd8 62. Rb8+ Kd7 63. Rb7+ Ke8 64. Rb2 Bh4 65. Rb8+ Kf7 66. Rb7+ Kg6 67. Be5 Bf6 68. Bh2 Bg5 69. Rc7 Kh5 70. Bd6 Bxe3 71. Bh2 f4 72. Rf7 g3 0-1

[Event "CRO-chT2 West"]
[Site "Croatia"]
[Date "2015.03.22"]
[Round "5.5"]
[White "Krsovnik, Emil"]
[Black "Starcevic, Andrea"]
[Result "1-0"]
[WhiteElo "2071"]
[BlackElo "1875"]
[PlyCount "114"]
[EventDate "2015.02.21"]
[EventType "team-tourn"]
[EventRounds "9"]
[EventCountry "CRO"]
[SourceTitle "EXT 2016"]
[Source "ChessBase"]
[SourceDate "2015.10.08"]
[SourceVersion "1"]
[SourceVersionDate "2015.10.08"]
[SourceQuality "1"]
[WhiteTeam "Rijeka Kvarner"]
[BlackTeam "Ravna Gora Goranka"]
[WhiteTeamCountry "CRO"]
[BlackTeamCountry "CRO"]

1. e4 c5 2. Nf3 e6 3. d4 cxd4 4. Nxd4 a6 5. c4 Qc7 6. Bd3 Nc6 7. Nxc6 bxc6 8. 0-0 Nf6 9. Nc3 Be7 10. f4 d6 11. Qe2 Nd7 12. Be3 0-0 13. Rac1 Bb7 14. Rf3 e5 15. f5 Nf6 16. Rg3 Rfe8 17. h4 Kh8 18. h5 Rg8 19. Rh3 Qd7 20. g4 g6 21. hxg6 fxg6 22. g5 gxf5 23. exf5 e4 24. Nxe4 c5 25. g6 Bxe4 26. Bxe4 Rae8 27. Qh2 Bd8 28. Bg2 Rg7 29. Bh6 Rge7 30. Qg3 Re5 31. Bg5 Qxf5 32. Bxf6+ Bxf6 33. Rxh7+ Kg8 34. Rf1 Qg5 35. Qd3 Bg7 36. Kh1 R8e6 37. Bd5 Rxd5 38. Qxd5 Qxd5+ 39. cxd5 Rxg6 40. Rh2 Bd4 41. Rg2 Rxg2 42. Kxg2 Bxb2 43. Rf3 c4 44. Rf2 Be5 45. Kf1 Kg7 46. Ke2 Bf6 47. Rf4 c3 48. Kd3 Be5 49. Ra4 Kf6 50. Rxa6 Ke7 51. Rc6 Kd7 52. a4 Bh2 53. Kxc3 Bg1 54. Kc4 Ke7 55. Kb5 Bf2 56. Rc2 Bg1 57. Kc6 Bd4 1-0

[Event "CRO-chT (Women)"]
[Site "Bol"]
[Date "2013.09.18"]
[Round "5.2"]
[White "Medic, Mirjana"]
[Black "Starcevic, Andrea"]
[Result "1/2-1/2"]
[WhiteElo "2227"]
[BlackElo "1858"]
[PlyCount "91"]
[EventDate "2013.09.14"]
[EventType "team-tourn"]
[EventRounds "7"]
[EventCountry "CRO"]
[SourceTitle "CBM 156 Extra"]
[Source "ChessBase"]
[SourceDate "2013.10.22"]
[SourceVersion "1"]
[SourceVersionDate "2013.10.22"]
[SourceQuality "1"]
[WhiteTeam "Vrbovsko Goran (W)"]
[BlackTeam "Ravna Gora Goranka (W)"]
[WhiteTeamCountry "CRO"]
[BlackTeamCountry "CRO"]

1. d4 d5 2. c4 e6 3. Nc3 Nf6 4. Bg5 Nbd7 5. e3 c6 6. Nf3 Be7 7. Qc2 0-0 8. Rd1 Re8 9. h3 b6 10. Bd3 Nf8 11. 0-0 Ba6 12. Ne5 dxc4 13. Nxc4 Nd5 14. Bxe7 Qxe7 15. a3 Rac8 16. Ne4 Red8 17. Ne5 Bxd3 18. Nxd3 Ng6 19. Ng3 Qg5 20. Qe2 Nf6 21. b4 h5 22. Qf3 Nh4 23. Qf4 Rd5 24. e4 Qxf4 25. Nxf4 Rg5 26. e5 Nd5 27. Nxd5 exd5 28. Kh2 Nxg2 29. Kxg2 h4 30. Rd3 hxg3 31. fxg3 Rg6 32. Rc1 Re6 33. Rdc3 a6 34. a4 Kf8 35. a5 bxa5 36. bxa5 Ke7 37. Rb1 Kd8 38. Rb6 Kc7 39. Rcb3 f6 40. exf6 gxf6 41. Rxa6 Re4 42. Ra7+ Kd6 43. Rb4 Rce8 44. Rf7 Re2+ 45. Kf3 R2e3+ 46. Kf2 1/2-1/2

[Event "CRO-chT (Women)"]
[Site "Bol"]
[Date "2013.09.14"]
[Round "1.3"]
[White "Starcevic, Andrea"]
[Black "Raguz, Ivanka"]
[Result "1-0"]
[WhiteElo "1858"]
[BlackElo "1955"]
[PlyCount "63"]
[EventDate "2013.09.14"]
[EventType "team-tourn"]
[EventRounds "7"]
[EventCountry "CRO"]
[SourceTitle "CBM 156 Extra"]
[Source "ChessBase"]
[SourceDate "2013.10.22"]
[SourceVersion "1"]
[SourceVersionDate "2013.10.22"]
[SourceQuality "1"]
[WhiteTeam "Ravna Gora Goranka (W)"]
[BlackTeam "Djakovo Dama (W)"]
[WhiteTeamCountry "CRO"]
[BlackTeamCountry "CRO"]

1. d4 d5 2. Bg5 f6 3. Bh4 g5 4. Bg3 h5 5. h3 Nh6 6. Nc3 Nf5 7. Qd3 Nc6 8. e3 Be6 9. Bh2 g4 10. hxg4 Nd6 11. Bxd6 Qxd6 12. gxh5 0-0-0 13. g3 Kb8 14. a3 Bf7 15. Be2 e5 16. 0-0-0 Na5 17. dxe5 fxe5 18. Qf5 Bg6 19. hxg6 Rxh1 20. Bf3 Rxg1 21. Rxg1 e4 22. Be2 Bg7 23. Nb5 Qc6 24. Kb1 Rf8 25. Qg5 Nc4 26. Bxc4 Qxc4 27. Qe7 Qxb5 28. Qxg7 Qc5 29. Rh1 a5 30. Rh8 Rxh8 31. Qxh8+ Ka7 32. Qd4 1-0

[Event "Mediterranean Flower (Women) 13th"]
[Site "Rijeka"]
[Date "2013.03.10"]
[Round "2"]
[White "Smokina, Karolina"]
[Black "Starcevic, Andrea"]
[Result "1/2-1/2"]
[WhiteElo "2137"]
[BlackElo "1850"]
[PlyCount "55"]
[EventDate "2013.03.09"]
[EventType "swiss"]
[EventRounds "9"]
[EventCountry "CRO"]
[SourceTitle "CBM 153 Extra"]
[Source "ChessBase"]
[SourceDate "2013.04.22"]
[SourceVersion "1"]
[SourceVersionDate "2013.04.22"]
[SourceQuality "1"]

1. c4 c5 2. Nc3 e6 3. e4 Nc6 4. g3 Nf6 5. Bg2 Be7 6. d3 Rb8 7. Nge2 b6 8. 0-0 Bb7 9. f4 d6 10. f5 0-0 11. fxe6 fxe6 12. Nf4 Bc8 13. Bh3 Nd4 14. Nce2 Nxe2+ 15. Qxe2 e5 16. Bxc8 Qxc8 17. Nd5 Nxd5 18. Rxf8+ Qxf8 19. cxd5 Qe8 20. Be3 Qd7 21. Kg2 b5 22. b3 a5 23. Rf1 a4 24. Qh5 g6 25. Qf3 Bf8 26. Qe2 axb3 27. axb3 Ra8 28. Rb1 1/2-1/2

[Event "CRO-chT (Women) 21st"]
[Site "Sibenik"]
[Date "2012.09.25"]
[Round "4.4"]
[White "Starcevic, Andrea"]
[Black "Ivekovic, Tihana"]
[Result "1/2-1/2"]
[WhiteElo "1865"]
[BlackElo "2020"]
[PlyCount "82"]
[EventDate "2012.09.23"]
[EventType "team-tourn"]
[EventRounds "9"]
[EventCountry "CRO"]
[SourceTitle "CBM 150 Extra"]
[Source "ChessBase"]
[SourceDate "2012.10.19"]
[SourceVersion "1"]
[SourceVersionDate "2012.10.19"]
[SourceQuality "1"]
[WhiteTeam "Ravna Gora Goranka (W)"]
[BlackTeam "Zagreb Mladost (W)"]
[WhiteTeamCountry "CRO"]
[BlackTeamCountry "CRO"]

1. c4 e5 2. Nc3 Nc6 3. g3 g6 4. Bg2 Bg7 5. d3 d6 6. Nf3 Nf6 7. 0-0 0-0 8. Rb1 a5 9. a3 Ne7 10. b4 axb4 11. axb4 c6 12. b5 Qc7 13. Nd2 d5 14. Qb3 Qd6 15. Bb2 Rd8 16. Ra1 Rxa1 17. Rxa1 Bh6 18. Nf1 Qe6 19. Ra8 Bf8 20. bxc6 bxc6 21. Na4 Nf5 22. Qb6 Re8 23. cxd5 Nxd5 24. Bxd5 cxd5 25. Qxe6 fxe6 26. Bxe5 Bd7 27. Ra7 Bxa4 28. Rxa4 Bg7 29. Bxg7 Kxg7 30. Nd2 e5 31. Ra7+ Re7 32. Ra5 Rd7 33. Nf3 e4 34. dxe4 dxe4 35. Ng5 e3 36. Ne6+ Kf7 37. Nf4 exf2+ 38. Kxf2 Re7 39. Ra4 Ne3 40. Nd3 Kg7 41. Nc5 Nd1+ 1/2-1/2

[Event "CRO-chT2 West"]
[Site "Rijeka"]
[Date "2012.04.22"]
[Round "5.16"]
[White "Odak, Bruno"]
[Black "Starcevic, Andrea"]
[Result "1-0"]
[WhiteElo "1910"]
[BlackElo "1850"]
[PlyCount "89"]
[EventDate "2012.03.17"]
[EventType "team-tourn"]
[EventRounds "9"]
[EventCountry "CRO"]
[SourceTitle "EXT 2013"]
[Source "ChessBase"]
[SourceDate "2012.11.22"]
[SourceVersion "1"]
[SourceVersionDate "2012.11.22"]
[SourceQuality "1"]

1. e4 c5 2. Nc3 e6 3. Nf3 Nc6 4. Bb5 d6 5. 0-0 Bd7 6. Bxc6 Bxc6 7. d4 cxd4 8. Nxd4 Nf6 9. Nxc6 bxc6 10. e5 dxe5 11. Qe2 Qc7 12. Bg5 Nd5 13. Ne4 Nf4 14. Qc4 Rb8 15. Bxf4 exf4 16. Qc3 Rb4 17. Rfe1 Rb5 18. a3 h5 19. h4 Rh6 20. Rad1 Rg6 21. Ng5 Be7 22. Nf3 Rg4 23. b4 Bf6 24. Qd3 Bxh4 25. c4 Rb8 26. Ne5 Rg5 27. Qe4 Rc8 28. c5 Rxe5 29. Qxe5 Qxe5 30. Rxe5 g6 31. Re4 Bg5 32. Red4 Rc7 33. a4 e5 34. Re4 Bf6 35. Kf1 Bg7 36. Rc4 Bf8 37. Re1 Re7 38. b5 cxb5 39. axb5 f6 40. c6 Kd8 41. Ra4 Rf7 42. Rd1+ Kc8 43. b6 axb6 44. Ra8+ Kc7 45. Ra7+ 1-0

[Event "CRO-chT2 U20 West"]
[Site "Rijeka"]
[Date "2012.04.14"]
[Round "4.12"]
[White "Drozina, Adrian"]
[Black "Starcevic, Andrea"]
[Result "0-1"]
[WhiteElo "1728"]
[BlackElo "1850"]
[PlyCount "58"]
[EventDate "2012.04.06"]
[EventType "team-tourn"]
[EventRounds "5"]
[EventCountry "CRO"]
[SourceTitle "EXT 2014"]
[Source "ChessBase"]
[SourceDate "2013.11.20"]
[SourceVersion "1"]
[SourceVersionDate "2013.11.20"]
[SourceQuality "1"]

1. d4 d5 2. Nf3 Nf6 3. Bf4 e6 4. e3 Be7 5. Bd3 Nbd7 6. 0-0 0-0 7. Nbd2 b6 8. c3 Bb7 9. Ne5 a6 10. Qf3 Re8 11. Qh3 Nf8 12. g4 Ne4 13. Ndf3 f6 14. g5 fxe5 15. Nxe5 Bxg5 16. Qh5 g6 17. Qg4 Bxf4 18. Qxf4 Qg5+ 19. Ng4 Qxf4 20. exf4 Kg7 21. Rfe1 Nd7 22. c4 Nd2 23. Rec1 Rac8 24. Be2 Rf8 25. f3 Rxf4 26. Kg2 dxc4 27. Kg3 Rxd4 28. Rd1 Rf8 29. Bxc4 Bxf3 0-1